00680nam a2200169Ia 4500008004100000020001800041050001800059245010100077260002700178300001500205500007300220650002200293700007600315942000700391952009500398999001700493120626s9999 xx 000 0 und d a970-10-5396-604aK331 N63 200610aNociones de derecho positivocCipriano Gómez Lara, Margarita Domínguez Mercado ... [et. al.] aMéxico bMcGraw-Hill aix paginas aCONTIENE: prefacio\dedicatorias\índice de contenido\bibliografía17aPOSITIVISMO LEGAL1 aDOMINGUÉZ MERCADO, Margarita, colab.\GÓMEZ LARA, Cipriano, edit.Ì cLB 00104070a07b07d2010-11-17l0oK331 N63 2006p07 001546r2012-06-26t1w2012-06-26yLB c67065d67065